Étymologie des noms de capitales - Statistiques

Statistiques générales
  • Ce quiz a été pris 2 458 fois
  • Le résultat moyen est 11 sur 20
Statistiques - réponses
Étymologie Capitale % Correct
D'après le premier président des États-Unis Washington
98%
Fusion des noms des villes qui la composaient : Buda, Óbuda et Pest Budapest
95%
Selon la légende, nommée d'après son premier roi, après qu'il eut tuéson frère Rémus Rome
86%
D'après la tribu gauloise qui vivait dans cette région Paris
83%
"Bons Vents" en espagnol Buenos Aires
82%
Autrefois appelée Edo, son nom actuel signifie "Capitale de l'Est" Tokyo
76%
"Saint Joseph" en espagnol San José
75%
"La Paix" en espagnol La Paz
74%
La "Ville Libre" en anglais Freetown
69%
"Ville de l'Islam" Islamabad
68%
D'après le comte italien Pierre Savorgnan de Brazza Brazzaville
58%
Du grec ancien Σόφια, pour "sagesse" Sofia
58%
En l'honneur de la dernière reine britannique de la maison de Hanovre Victoria
42%
"Trois cités" en grec Tripoli
41%
De l'araméen Biryt, signifiant "puits" Beyrouth
40%
"Saint Jacques" en espagnol Santiago
31%
En l'honneur du général anglais victorieux à la bataille de Waterloo Wellington
28%
En l'honneur du roi Louis XV Port-Louis
16%
Signifie "Héros Rouge"; nom donné depuis que le pays est devenu communiste en 1924 Oulan-Bator
15%
En l'honneur du cinquième président des États-Unis Monrovia
11%
Aucun quiz correspondant
Distribution des résultats
% des personnes avec chaque résultat
Percentile par nombre de réponses
Votre historique - résultats
Vous n’avez pas pris ce quiz